| 000 -LEADER |
| fixed length control field |
03461pam a22004217a 4500 |
| 001 - CONTROL NUMBER |
| control field |
14049337 |
| 003 - CONTROL NUMBER IDENTIFIER |
| control field |
NUST |
| 005 - DATE AND TIME OF LATEST TRANSACTION |
| control field |
20170613125616.0 |
| 008 - FIXED-LENGTH DATA ELEMENTS--GENERAL INFORMATION |
| fixed length control field |
050722s2002 enkac b 001 0 eng |
| 010 ## - LIBRARY OF CONGRESS CONTROL NUMBER |
| LC control number |
2005279455 |
| 015 ## - NATIONAL BIBLIOGRAPHY NUMBER |
| National bibliography number |
GBA1-U3566 |
| 016 7# - NATIONAL BIBLIOGRAPHIC AGENCY CONTROL NUMBER |
| Record control number |
101196217 |
| Source |
DNLM |
| 020 ## - INTERNATIONAL STANDARD BOOK NUMBER |
| International Standard Book Number |
0415269032 |
| 035 ## - SYSTEM CONTROL NUMBER |
| System control number |
(OCoLC)ocm48534147 |
| 040 ## - CATALOGING SOURCE |
| Original cataloging agency |
NLM |
| Transcribing agency |
NLM |
| Modifying agency |
UKM |
| -- |
C#P |
| -- |
AGL |
| -- |
SBH |
| -- |
DLC |
| 042 ## - AUTHENTICATION CODE |
| Authentication code |
nlmcopyc |
| -- |
lccopycat |
| 050 00 - LIBRARY OF CONGRESS CALL NUMBER |
| Classification number |
QP519.9.C47 |
| Item number |
B55 2002 |
| 060 00 - NATIONAL LIBRARY OF MEDICINE CALL NUMBER |
| Classification number |
2004 H-845 |
| 060 10 - NATIONAL LIBRARY OF MEDICINE CALL NUMBER |
| Classification number |
QU 55 |
| Item number |
B6152 2002 |
| 072 #0 - SUBJECT CATEGORY CODE |
| Subject category code |
X300 |
| 082 04 - DEWEY DECIMAL CLASSIFICATION NUMBER |
| Classification number |
572.36 VIJ |
| Edition number |
21 |
| 245 00 - TITLE STATEMENT |
| Title |
Biochromatography : |
| Remainder of title |
theory and practice / |
| Statement of responsibility, etc. |
edited by M.A. Vijayalakshmi. |
| 260 ## - PUBLICATION, DISTRIBUTION, ETC. |
| Place of publication, distribution, etc. |
London ; |
| -- |
New York : |
| Name of publisher, distributor, etc. |
Taylor & Francis, |
| Date of publication, distribution, etc. |
2002. |
| 300 ## - PHYSICAL DESCRIPTION |
| Extent |
xviii, 526 p. : |
| Other physical details |
ill., port. ; |
| Dimensions |
26 cm. |
| 500 ## - GENERAL NOTE |
| General note |
H.B |
| 504 ## - BIBLIOGRAPHY, ETC. NOTE |
| Bibliography, etc. note |
Includes bibliographical references and index. |
| 505 0# - FORMATTED CONTENTS NOTE |
| Formatted contents note |
Upstream and downstream steps in biochromatography / Mookambeswaran A. Vijayalakshmi -- Gel filtration / Kjell-Ove Eriksson -- Ion exchange interaction biochromatography / E. Boschetti and P. Girot -- Hydrophobic (interaction) chromatography of proteins / Herbert P. Jennissen -- Conformational behaviour of polypeptides and proteins in reversed phase and lipophilic environments / Milton W. Hearn -- Affinity chromatography / Jaroslava Turková -- Dye ligand affinity chromatography / Robert K. Scopes -- Immobilized synthetic dyes in affinity chromatography / Nikos E. Labrou and Yannis D. Clonis -- Immobilized histidine ligand affinity chromatography / Oliver Pitiot and Mookambeswaran A. Vijayalakshmi -- Immobilized metal-ion affinity chromatography: from phenomenological hallmarks to structure-based molecular insights / Nadir T. Mrabet and Mookambeswaran A. Vijayalakshmi -- Thiophilic interaction chromatography / Sven Oscarsson and Francisco Batista Viera -- Miscellaneous methods in affinity chromatography: Part 1: Boronic acids as selective ligands for affinity chromatography / Xio-Chuan Liu and William H. Scouten -- Miscellaneous methods in affinity chromatography: Part 2: Shielded affinity chromatography in packed bed and expanded bed mode / Igor Yu. Galaev and Bo Mattiasson -- Glycobiology and biochromatography / Henri Debray, Gérard Strecker and Jean Montreuil -- Capillary electrokinetic chromatography / Gargi Choudhary and Csaba Horváth -- Imprinted polymers as tailor-made stationary phases for affinity separation / Karsten Haupt, Peter A.G. Cormack and Klaus Mosbach -- Computer-aided simulation of biochromatography / Nicolas Voute -- Industrial biochromatography: engineering aspects / F.A.P. Garcia, D.M.F. Prazeres and J.M.S. Cabral -- Validation aspects in biochromatography / Charles Lutsch -- Biochromatography and biomedical applications / C. Legallais, Mookambeswaran A. Vijayalakshmi and Ph. Moriniére. |
| 650 #0 - SUBJECT ADDED ENTRY--TOPICAL TERM |
| Topical term or geographic name entry element |
Chromatographic analysis. |
| 9 (RLIN) |
2556 |
| 650 #0 - SUBJECT ADDED ENTRY--TOPICAL TERM |
| Topical term or geographic name entry element |
Biotechnology. |
| 9 (RLIN) |
2447 |
| 650 #0 - SUBJECT ADDED ENTRY--TOPICAL TERM |
| Topical term or geographic name entry element |
Biomolecules. |
| 9 (RLIN) |
2557 |
| 650 12 - SUBJECT ADDED ENTRY--TOPICAL TERM |
| Topical term or geographic name entry element |
Chromatography |
| General subdivision |
methods. |
| 9 (RLIN) |
2558 |
| 650 12 - SUBJECT ADDED ENTRY--TOPICAL TERM |
| Topical term or geographic name entry element |
Proteins |
| General subdivision |
isolation & purification. |
| 9 (RLIN) |
2559 |
| 650 22 - SUBJECT ADDED ENTRY--TOPICAL TERM |
| Topical term or geographic name entry element |
Biotechnology |
| General subdivision |
methods. |
| 9 (RLIN) |
2560 |
| 650 22 - SUBJECT ADDED ENTRY--TOPICAL TERM |
| Topical term or geographic name entry element |
Molecular Biology |
| General subdivision |
methods. |
| 9 (RLIN) |
2561 |
| 700 1# - ADDED ENTRY--PERSONAL NAME |
| Personal name |
Vijayalakshmi, M. A. |
| 9 (RLIN) |
2562 |
| 856 42 - ELECTRONIC LOCATION AND ACCESS |
| Materials specified |
Publisher description |
| Uniform Resource Identifier |
<a href="http://www.loc.gov/catdir/enhancements/fy0646/2005279455-d.html">http://www.loc.gov/catdir/enhancements/fy0646/2005279455-d.html</a> |
| 906 ## - LOCAL DATA ELEMENT F, LDF (RLIN) |
| a |
7 |
| b |
cbc |
| c |
copycat |
| d |
2 |
| e |
ncip |
| f |
20 |
| g |
y-gencatlg |
| 942 ## - ADDED ENTRY ELEMENTS (KOHA) |
| Source of classification or shelving scheme |
|
| Koha item type |
Book |
| Call number prefix |
IESE |